| 000 | 00367 a2200133 4500 | ||
|---|---|---|---|
| 001 | 93021 | ||
| 082 | _aPR 2378 | ||
| 090 |
_c44658 _d44659 |
||
| 100 | _aMuhammad Jawad,Prof Dr Farooq and Tahir M.Khalid (Advisors) | ||
| 245 |
_aA Digital Video Watermarking Scheme _n 62'B' EC |
||
| 260 |
_aIslamabad _bNUST _c2005 |
||
| 300 | _aix,118p. | ||
| 500 | _aBE Project Report | ||
| 942 |
_aCAE NUST _kPR 2378 |
||
| 999 |
_c328094 _d328094 |
||